| 000 | 00433nam a2200181Ia 4500 | ||
|---|---|---|---|
| 001 | 3743 | ||
| 005 | 20260306145706.0 | ||
| 008 | 260306t2016||||xx |||||||||||||| ||spa|| | ||
| 041 | _aESP | ||
| 082 |
_a302.2242 _bV937 |
||
| 100 |
_aVerderber, Rudolph F. _eAUT |
||
| 245 | 0 | _aComunicación oral efectiva | |
| 260 | _c2016 | ||
| 300 |
_axxii, 369 pƔginas : _c27 cm. |
||
| 650 | _aGEN | ||
| 654 | _aCED | ||
| 942 |
_cLIB _dJUS _fJUS _2ddc _n |
||
| 999 |
_c3743 _d3743 |
||